000 01094nam a22002057a 4500
999 _c59723
_d59723
003 Ge_BSU
005 20230407104235.0
008 23040s1955 ge u||||| |||| 00| 0geoo d
041 _ageo
080 _a903.05(479.22): 669(479.22)(09) ჯ-26
100 _aჯაფარიძე, ოთარ
_917536
245 _aლითონის წარმოების ადრეული საფეხური საქართველოში /
_c ოთარ ჯაფარიძე; რედაქტორი ტ. ჩუბინიშვილი.
264 _aთბილისი :
_bტექნიკა და შრომა,
_c1955.
300 _a134 გვ. :
_bტაბულ. ;
_c21 სმ.
500 _aგაშლილი თავფურც. რუს. ენაზე.
504 _aბიბლიოგრ. შენიშვნებში.
653 _aლითონის წარმოება საქართველოში
700 _aჩუბინიშვილი, ტ.
_eრედაქტორი
_917537
942 _2udc
_cBK